000 00277nam a2200109Ia 4500
008 230907s9999||||xx |||||||||||||| ||und||
082 _a621.3
_bHAM
245 0 _aElectrotechnology practice /
260 _aCengage Learning,
_bAustralia :
_c2016
300 _a720 p.
942 _cBK
999 _c599885
_d599885